000 00348nam a2200145Ia 4500
008 230917s9999||||xx |||||||||||||| ||und||
040 _e138349
_aMAIN
041 _aEnglish
082 _a822.33 S15H
100 _aShakespeare, William
245 0 _aHamlet
260 _aLondon
_bCambridge University Press
_c1969
300 _a310 p.
942 _cBK
999 _c59578
_d59578